000
00323nam a22001337a 4500
003
SGT
020
_a
9788197439599
082
_a
301
_b
S24T
100
_a
ठाकुर, रघु
245
_a
समस्या और समाधान
260
_b
VL MEDIA. SOLUTIONS.
_c
2024
300
_a
216
942
_2
ddc
_c
BK
999
_c
32058
_d
32058